[Event "26.Schlosspark-Open"]
[Site "Wiesbaden-Biebrich"]
[Date "2014.08.31"]
[Round "6.78"]
[White "Scholl, Alois"]
[Black "Martin, Lukas"]
[Result "1-0"]
[WhiteElo "1733"]
[BlackElo "1374"]
[PlyCount "49"]
[EventDate "2014.??.??"]
[WhiteTeam "SV Schwalbach"]
[BlackTeam "SC Bad Soden"]

1. Nf3 d5 2. b3 c5 3. Bb2 Nc6 4. e3 Bg4 5. Bb5 Qb6 6. Na3 e6 7. h3 Bh5 8. g4
Bg6 9. Ne5 Nge7 10. Qe2 O-O-O 11. Nxg6 hxg6 12. O-O-O a6 13. Bxc6 Nxc6 14. d3
e5 15. f4 Bd6 16. Kb1 f6 17. Qf3 exf4 18. exf4 Qa5 19. Qxd5 Bxf4 20. Qe6+ Kb8
21. Nc4 Qc7 22. Qe4 b5 23. Nd2 Rde8 24. Qxg6 Rh6 25. Qxe8+ 1-0

[Event "26.Schlosspark-Open"]
[Site "Wiesbaden-Biebrich"]
[Date "2014.08.31"]
[Round "6.79"]
[White "Sallwey, Rainer"]
[Black "Traut, Stefan"]
[Result "1/2-1/2"]
[WhiteElo "1411"]
[BlackElo "1759"]
[PlyCount "116"]
[EventDate "2014.??.??"]
[WhiteTeam "SK Langen"]
[BlackTeam "SF Heusenstamm"]

1. Nf3 Nf6 2. d4 c5 3. c3 cxd4 4. cxd4 g6 5. Nc3 Bg7 6. e3 O-O 7. Be2 d6 8. O-O
Nbd7 9. h3 b6 10. e4 Bb7 11. d5 a6 12. Nd4 Rc8 13. f3 b5 14. a3 Ne5 15. Rb1 Rc7
16. f4 Ned7 17. Bf3 Qa8 18. Re1 Rfc8 19. Be3 Qb8 20. Rc1 Ba8 21. Nce2 Rxc1 22.
Bxc1 b4 23. axb4 Qxb4 24. Qd2 Qxd2 25. Bxd2 Nc5 26. Nc3 Nfd7 27. Be3 Nd3 28.
Rb1 Kf8 29. Kf1 Nb4 30. Ke2 Rc4 31. Rd1 Ke8 32. Kf2 Bb7 33. Be2 Rc8 34. Rc1 Nc5
35. Kf3 Nbd3 36. Bxd3 Nxd3 37. Rb1 Rc4 38. Nde2 Nc5 39. Rd1 Nb3 40. g4 Kd7 41.
Bb6 Rb4 42. Bf2 Na5 43. Rd2 Nc4 44. Rc2 Rxb2 45. Rxb2 Nxb2 46. Bb6 Nc4 47. Bd4
Bxd4 48. Nxd4 Kc7 49. Na4 Nb6 50. Nc3 Nd7 51. Na4 Nc5 52. Nc3 Kb6 53. Nc2 a5
54. Ke3 a4 55. Kd4 Ba6 56. Nb4 Bb7 57. Nc2 Ba6 58. Nb4 Bb7 1/2-1/2

[Event "26.Schlosspark-Open"]
[Site "Wiesbaden-Biebrich"]
[Date "2014.08.31"]
[Round "6.80"]
[White "Triantafillidis, Simeon"]
[Black "van Bömmel, Philipp"]
[Result "1/2-1/2"]
[WhiteElo "1361"]
[BlackElo "1722"]
[PlyCount "117"]
[EventDate "2014.??.??"]
[WhiteTeam "SF HN-Biberach 1978 e.V."]
[BlackTeam "SC 1979 Hattersheim"]

1. e4 e6 2. d4 d5 3. exd5 exd5 4. c4 Nf6 5. Nc3 c6 6. Bd3 dxc4 7. Bxc4 Be7 8.
Be3 O-O 9. Nf3 Bg4 10. O-O Nbd7 11. Be2 Qc7 12. Qc2 Rac8 13. Rfd1 Rfd8 14. Rac1
a6 15. Qb1 Nb6 16. h3 Bh5 17. b4 Nbd5 18. a3 Nxc3 19. Rxc3 Nd5 20. Rcc1 Bd6 21.
Re1 Bf4 22. Bxf4 Nxf4 23. Bd3 Nxd3 24. Qxd3 Bxf3 25. gxf3 Qd7 26. Kh2 Qxd4 27.
Qe2 Qd6+ 28. Kh1 Qd7 29. Kh2 Re8 30. Qb2 Rxe1 31. Rxe1 Re8 32. Rg1 g6 33. h4 h5
34. Qc2 Qd6+ 35. Kh1 Qf6 36. Rg3 Qxh4+ 37. Kg2 Qf6 38. Qc5 Re1 39. Qxh5 Qa1 40.
Qh2 Qe5 41. f4 Qd5+ 42. Rf3 Ra1 43. Kg3 Qd1 44. Kg2 Qf1+ 45. Kg3 Qg1+ 46. Qxg1
Rxg1+ 47. Kh2 Rd1 48. Re3 Kf8 49. Kg3 Rd5 50. Kf3 b6 51. Rc3 c5 52. bxc5 bxc5
53. Ke4 Rf5 54. Rb3 Kg7 55. Rb6 a5 56. Ra6 c4 57. Rc6 Rb5 58. Rxc4 Rb3 59. Ra4
1/2-1/2

[Event "26.Schlosspark-Open"]
[Site "Wiesbaden-Biebrich"]
[Date "2014.08.31"]
[Round "6.81"]
[White "Ley, Sabrina"]
[Black "Busch, Günther"]
[Result "1-0"]
[WhiteElo "1597"]
[BlackElo "1307"]
[PlyCount "99"]
[EventDate "2014.??.??"]
[WhiteTeam "SV Turm Lahnstein"]
[BlackTeam "FC 1934 Wiesbaden-Bierstadt"]

1. c4 b6 2. Nc3 e6 3. d4 d6 4. Nf3 Nd7 5. b3 g6 6. e4 Bg7 7. Bb2 Bb7 8. Qc2 Ne7
9. d5 e5 10. g3 a6 11. Bg2 Nf6 12. O-O O-O 13. Ne1 Ng4 14. h3 Nh6 15. Nd3 Bc8
16. f4 f6 17. fxe5 fxe5 18. Rxf8+ Qxf8 19. Rf1 Qe8 20. b4 Bd7 21. c5 Bb5 22.
Nxb5 axb5 23. a3 bxc5 24. bxc5 Rd8 25. cxd6 cxd6 26. Bc3 Qd7 27. Qb2 Qa7+ 28.
Kh2 Nf7 29. Kh1 Qa4 30. Nf4 Ng5 31. Re1 Rc8 32. Nd3 Qc4 33. Bb4 Qxd3 34. Bxd6
Rc2 35. Qb1 Qxg3 36. Qxc2 Qxe1+ 37. Kh2 Bf6 38. Qc7 Kf7 39. Bxe7 Bxe7 40. d6
Nf3+ 41. Bxf3 Qf2+ 42. Bg2 Qf4+ 43. Kh1 Qf6 44. Qxe7+ Qxe7 45. dxe7 Kxe7 46.
Bf1 Kd6 47. Bxb5 Kc5 48. a4 h6 49. Kg2 g5 50. Kg3 1-0

[Event "26.Schlosspark-Open"]
[Site "Wiesbaden-Biebrich"]
[Date "2014.08.31"]
[Round "6.82"]
[White "Lessmann, Sven"]
[Black "Kirchner, Johanna"]
[Result "1-0"]
[WhiteElo "1686"]
[BlackElo "1203"]
[PlyCount "75"]
[EventDate "2014.??.??"]
[WhiteTeam "SC Bad Soden"]
[BlackTeam "SF Schöneck"]

1. f4 e6 2. Nf3 d5 3. e3 Nf6 4. Be2 Bd7 5. O-O Bd6 6. d3 O-O 7. Nc3 Bc6 8. Qe1
Nbd7 9. d4 Bb4 10. a3 Ba5 11. b4 Bb6 12. b5 Bxb5 13. Bxb5 c6 14. Bd3 Re8 15.
Qh4 g6 16. g4 Nf8 17. Kh1 Bc7 18. f5 exf5 19. gxf5 Qd6 20. Rf2 b6 21. fxg6 fxg6
22. Ne5 Re6 23. Ne2 Qe7 24. Nf4 Rd6 25. Rg2 Qe8 26. Nfxg6 Nxg6 27. Bxg6 hxg6
28. Rxg6+ Kf8 29. Qh8+ Ke7 30. Rg7+ Kd8 31. Nf7+ Kd7 32. Qh3+ Re6 33. Ng5+ Kd8
34. Nxe6+ Kc8 35. Nxc7+ Kd8 36. Nxe8 Kxe8 37. Qh8+ Ng8 38. Qxg8# 1-0

[Event "26.Schlosspark-Open"]
[Site "Wiesbaden-Biebrich"]
[Date "2014.08.31"]
[Round "6.83"]
[White "Gläßer, Leonhard"]
[Black "Günther, Rainer"]
[Result "0-1"]
[WhiteElo "938"]
[BlackElo "1704"]
[PlyCount "94"]
[EventDate "2014.??.??"]
[WhiteTeam "FC 1934 Wiesbaden-Bierstadt"]
[BlackTeam "SV Mainz-Mombach"]

1. Nf3 f5 2. c4 Nf6 3. e3 e6 4. Be2 b6 5. O-O Bb7 6. b3 Be7 7. Bb2 d6 8. Nc3
O-O 9. d4 Nbd7 10. Ng5 Qe8 11. Nxe6 Qg6 12. d5 Rfc8 13. Nb5 c6 14. dxc6 Bxc6
15. Bf3 Ne8 16. Nbd4 Be4 17. Bxe4 fxe4 18. f4 Bf6 19. Rb1 Nc5 20. Nxc5 dxc5 21.
Ne6 Bxb2 22. Qd5 Nf6 23. f5 Qh6 24. Qd6 Qxe3+ 25. Kh1 Bd4 26. Nxd4 cxd4 27.
Rbd1 d3 28. Qe6+ Kh8 29. Rfe1 Qd4 30. h3 Re8 31. Qc6 d2 32. Re2 e3 33. Qf3 Re4
34. Kg1 Rae8 35. Qf1 Rf4 36. Qxf4 Qxf4 37. a4 Qxf5 38. Kh1 Qh5 39. Rdxd2 exd2
40. Rxd2 Re1+ 41. Kh2 Qe5+ 42. g3 Re2+ 43. Rxe2 Qxe2+ 44. Kg1 Ne4 45. Kh1 Qf1+
46. Kh2 Qf2+ 47. Kh1 Nxg3# 0-1

[Event "26.Schlosspark-Open"]
[Site "Wiesbaden-Biebrich"]
[Date "2014.08.31"]
[Round "6.84"]
[White "Wilk, David"]
[Black "Kunisch, Nina"]
[Result "1-0"]
[WhiteElo "1580"]
[BlackElo "1249"]
[PlyCount "167"]
[EventDate "2014.??.??"]
[WhiteTeam "Sfr.Mainz 1928"]
[BlackTeam "TV-Großostheim 1900 e.V."]

1. e4 c6 2. c4 d5 3. cxd5 cxd5 4. exd5 Qxd5 5. d4 Nc6 6. Be3 Nf6 7. Nc3 Qd8 8.
Nf3 Bg4 9. Bb5 Bd7 10. O-O e6 11. a3 Bd6 12. Re1 O-O 13. Ba4 Ne7 14. Bc2 Qc7
15. Rc1 Bc6 16. Nb5 Qb8 17. Nxd6 Qxd6 18. Ne5 Qd5 19. Nxc6 bxc6 20. Bb3 Qb5 21.
Rc5 Qb7 22. Bg5 Nfd5 23. Bxd5 Nxd5 24. b4 Qa6 25. Ra5 Qc4 26. Rc5 Qa6 27. Bc1
Rac8 28. Qg4 Qd3 29. Bh6 Qg6 30. Qxg6 fxg6 31. Bd2 Rfe8 32. Rec1 Ne7 33. Bg5
Nf5 34. Be3 Ne7 35. g4 h6 36. Bf4 Red8 37. Be5 Rd5 38. Rxd5 exd5 39. Bd6 Kf7
40. Rc5 Ng8 41. b5 Nf6 42. Rxc6 Rxc6 43. bxc6 Ne8 44. Bb8 Ke6 45. Bxa7 Kd6 46.
Kg2 Kxc6 47. Kg3 Nd6 48. f3 Nb5 49. Bc5 Nc3 50. Kf4 Ne2+ 51. Ke5 Ng1 52. Kf4
Ne2+ 53. Ke3 Nc3 54. Bf8 Nb5 55. Bxg7 Nxa3 56. Kd3 h5 57. gxh5 gxh5 58. f4 Nb5
59. f5 Nd6 60. f6 Kd7 61. Ke3 Ke6 62. Kf4 Ne4 63. Bh8 Nd6 64. Bg7 Ne4 65. h4
Nxf6 66. Kg5 Ng4 67. Kxh5 Ne3 68. Kg6 Nf5 69. h5 Ne7+ 70. Kg5 Kf7 71. h6 Kg8
72. Kf6 Nc6 73. Ke6 Nxd4+ 74. Bxd4 Kh7 75. Be3 d4 76. Bd2 d3 77. Kf5 Kh8 78.
Kg6 Kg8 79. h7+ Kf8 80. h8=Q+ Ke7 81. Qf6+ Ke8 82. Qc6+ Ke7 83. Bg5+ Kf8 84.
Qc8# 1-0

[Event "26.Schlosspark-Open"]
[Site "Wiesbaden-Biebrich"]
[Date "2014.08.31"]
[Round "6.85"]
[White "Happel, Jürgen"]
[Black "Jahraus, Marlis"]
[Result "1-0"]
[WhiteElo "1574"]
[BlackElo "1124"]
[PlyCount "95"]
[EventDate "2014.??.??"]
[WhiteTeam "SV 1920 Hofheim"]
[BlackTeam "SC Untergrombach 46"]

1. d4 d5 2. Bf4 e6 3. h3 c5 4. c3 cxd4 5. Qxd4 Nc6 6. Qd1 Nf6 7. e3 Be7 8. Nf3
O-O 9. Be2 Re8 10. O-O Bf8 11. Ne5 Nxe5 12. Bxe5 a6 13. Nd2 Nd7 14. Bh2 b5 15.
a4 Bb7 16. axb5 axb5 17. Bxb5 Rxa1 18. Qxa1 Qc8 19. Nf3 Rd8 20. Qa2 Bc6 21.
Bxc6 Qxc6 22. Ra1 Nc5 23. Nd4 Qb6 24. b4 Ne4 25. Qb2 Rc8 26. Rc1 Bxb4 27. cxb4
Rxc1+ 28. Qxc1 Qxb4 29. Qc8+ Qf8 30. Qxf8+ Kxf8 31. f3 Nf6 32. Kf2 Nd7 33. Nc6
f6 34. Bd6+ Kf7 35. Ba3 e5 36. g4 g5 37. Nd8+ Kg6 38. Ne6 e4 39. Nf8+ Nxf8 40.
Bxf8 f5 41. fxe4 fxe4 42. Bd6 Kf7 43. Be5 Ke6 44. Bd4 Kf7 45. Kg3 Kg6 46. h4 h6
47. h5+ Kf7 48. Kf2 1-0

[Event "26.Schlosspark-Open"]
[Site "Wiesbaden-Biebrich"]
[Date "2014.08.31"]
[Round "6.86"]
[White "Reinisch, Markus"]
[Black "Schneider, Luca"]
[Result "0-1"]
[WhiteElo "1563"]
[BlackElo "1107"]
[PlyCount "42"]
[EventDate "2014.??.??"]
[WhiteTeam "Wiesbadener SV 1885"]
[BlackTeam "FC 1934 Wiesbaden-Bierstadt"]

1. d4 Nf6 2. c4 e6 3. Nc3 c5 4. d5 d6 5. Nf3 h6 6. e4 g6 7. Be2 Bg7 8. Qc2 O-O
9. h3 a6 10. Be3 b6 11. Rb1 a5 12. Nb5 Na6 13. a3 Qe7 14. e5 dxe5 15. Nxe5 exd5
16. Nf3 d4 17. Bf4 Bf5 18. Qd1 Bxb1 19. Bd6 Qe4 20. Nd2 Qxg2 21. Bf3 Rfe8+ 0-1

[Event "26.Schlosspark-Open"]
[Site "Wiesbaden-Biebrich"]
[Date "2014.08.31"]
[Round "6.87"]
[White "Troeger, Beate"]
[Black "Börkey, Luis"]
[Result "1/2-1/2"]
[WhiteElo "1540"]
[BlackElo "1095"]
[PlyCount "58"]
[EventDate "2014.??.??"]
[WhiteTeam "Vorw.Orient Mainz"]
[BlackTeam "Wiesbadener SV 1885"]

1. f4 d5 2. Nf3 Nf6 3. e3 Bf5 4. b3 g6 5. Bb2 Bg7 6. Nc3 Ne4 7. Ne5 Nc6 8. Nxe4
Nxe5 9. fxe5 Bxe4 10. d3 Bf5 11. g4 Bd7 12. Bg2 Bc6 13. O-O O-O 14. d4 f6 15.
a4 fxe5 16. Rxf8+ Qxf8 17. dxe5 Bh6 18. Bxd5+ Bxd5 19. Qxd5+ Qf7 20. Qxf7+ Kxf7
21. Bd4 b6 22. Kf2 Ke6 23. Ke2 a5 24. Rf1 Rf8 25. Rxf8 Bxf8 26. Kf3 Bg7 27. Ke4
g5 28. c4 c5 29. Bc3 h6 1/2-1/2

[Event "26.Schlosspark-Open"]
[Site "Wiesbaden-Biebrich"]
[Date "2014.08.31"]
[Round "6.88"]
[White "Kirchner, Markus"]
[Black "Wachsmann, Elmar"]
[Result "1-0"]
[WhiteElo "1519"]
[BlackElo "1029"]
[PlyCount "83"]
[EventDate "2014.??.??"]
[WhiteTeam "SF Schöneck"]
[BlackTeam "SC Groß-Umstadt"]

1. e4 e5 2. Nf3 Nc6 3. Bc4 Be7 4. c3 Nf6 5. d3 d5 6. exd5 Nxd5 7. O-O O-O 8.
Nbd2 Bg4 9. Ne4 h6 10. h3 Bh5 11. Ng3 Bg6 12. Re1 Bf6 13. Ne4 Nb6 14. Bb3 Re8
15. Be3 Bxe4 16. dxe4 Ne7 17. Qe2 c6 18. Rad1 Qc7 19. Bc5 Rad8 20. Nd2 Nec8 21.
Nc4 Nxc4 22. Qxc4 b6 23. Be3 b5 24. Qe2 Nb6 25. Bc5 Be7 26. Be3 a5 27. Qf3 Rf8
28. Qg3 Kh8 29. Bxb6 Qxb6 30. Qxe5 Bh4 31. Qf4 Bg5 32. Qf3 a4 33. Bc2 Rxd1 34.
Rxd1 Qc5 35. Rd7 Bf6 36. Qe3 Qc4 37. a3 Qe6 38. Rd1 Qa2 39. Rb1 Rd8 40. e5 Bg5
41. Qe4 g6 42. Qxc6 1-0

[Event "26.Schlosspark-Open"]
[Site "Wiesbaden-Biebrich"]
[Date "2014.08.31"]
[Round "6.89"]
[White "Lehmann, Wolfgang"]
[Black "Börkey, Pierre"]
[Result "1-0"]
[WhiteElo "1500"]
[BlackElo "987"]
[PlyCount "145"]
[EventDate "2014.??.??"]
[WhiteTeam "Wiesbadener SV 1885"]
[BlackTeam "Wiesbadener SV 1885"]

1. d4 d5 2. Nf3 Nc6 3. Bf4 Bf5 4. e3 Nf6 5. h3 e6 6. c3 Bd6 7. Bxd6 Qxd6 8.
Nbd2 O-O 9. Be2 Rfe8 10. O-O e5 11. dxe5 Nxe5 12. Nxe5 Qxe5 13. Nf3 Qd6 14. Rc1
Rac8 15. Nd4 Bg6 16. Bg4 Rcd8 17. Bf3 c6 18. Re1 h6 19. Qb3 b6 20. c4 dxc4 21.
Qxc4 c5 22. Nb5 Qe5 23. Qc3 Qxc3 24. Nxc3 Rd2 25. Re2 Red8 26. Rxd2 Rxd2 27. b3
a6 28. Kf1 Nd7 29. Ke1 Rb2 30. Rd1 Ne5 31. Be2 b5 32. Rd5 b4 33. Nd1 Rxa2 34.
Rxe5 Bc2 35. Rxc5 Bxb3 36. Rc8+ Kh7 37. Bd3+ g6 38. Bc4 Bxc4 39. Rxc4 a5 40.
Rc7 Kg7 41. Rb7 Ra1 42. Kd2 Rb1 43. Kc2 Ra1 44. f4 Kf6 45. e4 g5 46. Rb6+ Kg7
47. f5 Ra2+ 48. Nb2 a4 49. Kb1 b3 50. Ra6 a3 51. Nc4 Rxg2 52. Rxa3 Rg1+ 53. Kb2
Rg2+ 54. Kxb3 Rg3+ 55. Kb4 Rxa3 56. Nxa3 Kf6 57. Kc4 Ke5 58. Kd3 h5 59. Ke3 g4
60. Nc4+ Kf6 61. hxg4 hxg4 62. Kf4 g3 63. Kxg3 Kg5 64. Kf3 Kf6 65. Kf4 Ke7 66.
e5 Ke8 67. f6 Kf8 68. Kf5 Ke8 69. e6 Kf8 70. e7+ Kg8 71. e8=Q+ Kh7 72. Qxf7+
Kh8 73. Qg7# 1-0

[Event "26.Schlosspark-Open"]
[Site "Wiesbaden-Biebrich"]
[Date "2014.08.31"]
[Round "6.90"]
[White "Schreer, Maxima"]
[Black "Raitor, Sven"]
[Result "0-1"]
[WhiteElo "880"]
[BlackElo "1493"]
[PlyCount "108"]
[EventDate "2014.??.??"]
[WhiteTeam "SF 1891 Friedberg"]
[BlackTeam "SK Großsachsen"]

1. e4 d5 2. f3 e5 3. exd5 Nf6 4. Bc4 Bc5 5. Ne2 e4 6. Nbc3 exf3 7. gxf3 Nh5 8.
d3 Qh4+ 9. Kd2 O-O 10. Ne4 Be7 11. c3 Bh3 12. Rg1 Nd7 13. Kc2 Ne5 14. Nd4 Nxc4
15. dxc4 Bd7 16. Re1 Bf6 17. Nb5 Bxb5 18. cxb5 Qxh2+ 19. Re2 Qh3 20. Nxf6+ Nxf6
21. Re3 Qf5+ 22. Qd3 Qxd5 23. Re7 Rad8 24. Qxd5 Nxd5 25. Re5 f6 26. Re4 Rfe8
27. Ra4 Re2+ 28. Kb3 Ra8 29. c4 Nb6 30. Rb4 Rd8 31. Kc3 Rf2 32. f4 Rf3+ 33. Kc2
Rd4 34. Rb3 Rxc4+ 35. Kb1 Rxc1+ 36. Kxc1 Rf1+ 37. Kc2 Rxa1 38. a3 Rf1 39. Rb4
h5 40. f5 Rxf5 41. Rh4 Kh7 42. Kd3 Kh6 43. Ke4 Rxb5 44. b4 f5+ 45. Kf4 g5+ 46.
Kg3 gxh4+ 47. Kxh4 f4 48. Kh3 Kg5 49. Kg2 Kg4 50. Kf2 Re5 51. b5 f3 52. Kf1 Kg3
53. a4 f2 54. a5 Re1# 0-1

[Event "26.Schlosspark-Open"]
[Site "Wiesbaden-Biebrich"]
[Date "2014.08.31"]
[Round "6.91"]
[White "Held, Gerd"]
[Black "Börkey, Joel"]
[Result "0-1"]
[WhiteElo "1288"]
[BlackElo "968"]
[PlyCount "74"]
[EventDate "2014.??.??"]
[WhiteTeam "SC Groß-Zimmern"]
[BlackTeam "Wiesbadener SV 1885"]

1. c4 e5 2. g3 Nc6 3. Nc3 Nf6 4. Bg2 Bc5 5. Nf3 d6 6. e3 O-O 7. O-O Bg4 8. h3
Bf5 9. d4 exd4 10. exd4 Bb6 11. a3 Rb8 12. Na4 Re8 13. b4 a6 14. Nxb6 cxb6 15.
Bb2 b5 16. Nh4 Be4 17. f3 Bg6 18. Nxg6 hxg6 19. d5 Na7 20. g4 bxc4 21. Qd4 Nb5
22. Qxc4 Rc8 23. Qd3 Qb6+ 24. Kh2 Re3 25. Qd1 Rce8 26. a4 Nc7 27. Bd4 Qxb4 28.
Bxe3 Rxe3 29. Rb1 Qf4+ 30. Kh1 Nfxd5 31. Rxb7 Qg3 32. Qc1 Re2 33. Rg1 Kh7 34.
Qf1 Rf2 35. Qb1 Nf4 36. Rb2 Nxh3 37. Rf1 Qxg2# 0-1

[Event "26.Schlosspark-Open"]
[Site "Wiesbaden-Biebrich"]
[Date "2014.08.31"]
[Round "6.92"]
[White "Thybo, Jan"]
[Black "Salm, Andreas"]
[Result "0-1"]
[WhiteElo "1347"]
[BlackElo "1471"]
[PlyCount "96"]
[EventDate "2014.??.??"]
[WhiteTeam "Morso Skak Klub"]
[BlackTeam "SAbt SV Werder Bremen"]

1. e4 d5 2. exd5 Qxd5 3. Nc3 Qa5 4. d3 Nf6 5. Bd2 c6 6. Nf3 Bg4 7. h3 Bh5 8.
Be2 e6 9. O-O Be7 10. Ne4 Qc7 11. Ng3 Bg6 12. Nh4 Nbd7 13. Nxg6 hxg6 14. Be3
Nd5 15. Bd4 e5 16. Be3 f5 17. Bd2 O-O-O 18. c4 Nf4 19. Re1 Bd6 20. Bxf4 exf4
21. Nf1 Bb4 22. Nd2 Qb6 23. a3 Bc5 24. Rf1 Qxb2 25. Nb3 Qf6 26. Nxc5 Nxc5 27.
a4 Qg5 28. Kh2 Qh4 29. f3 Qg3+ 30. Kh1 Rh6 31. Qe1 Nxd3 32. Qxg3 fxg3 33. Bxd3
Rxd3 34. Rae1 Kd7 35. Rd1 Rxd1 36. Rxd1+ Kc7 37. Kg1 g5 38. Re1 Kd7 39. Re5 Re6
40. Rxe6 Kxe6 41. Kf1 Ke5 42. Ke2 Kd4 43. c5 Kxc5 44. Ke3 b5 45. axb5 cxb5 46.
f4 gxf4+ 47. Kxf4 b4 48. Kxf5 b3 0-1

[Event "26.Schlosspark-Open"]
[Site "Wiesbaden-Biebrich"]
[Date "2014.08.31"]
[Round "6.93"]
[White "Gießelbach, Christian"]
[Black "Fey, Karl-Heinz"]
[Result "1-0"]
[WhiteElo "1147"]
[BlackElo "889"]
[PlyCount "63"]
[EventDate "2014.??.??"]
[WhiteTeam "SAbt TuS Dotzheim"]
[BlackTeam "SC 1926 Haßloch"]

1. d4 Nf6 2. c4 e6 3. Nf3 b6 4. Nc3 Bb4 5. a3 Bxc3+ 6. bxc3 O-O 7. g3 Bb7 8.
Bg2 a5 9. O-O Ra6 10. a4 h6 11. Bf4 d6 12. Be3 c5 13. Rb1 Be4 14. Rb2 d5 15.
dxc5 bxc5 16. Bxc5 Re8 17. cxd5 Bxd5 18. Qd3 Qc8 19. Rxb8 Qxc5 20. Rxe8+ Nxe8
21. Qxa6 Qxc3 22. Rb1 Kh7 23. Qd3+ Qxd3 24. exd3 Nc7 25. Rc1 Na6 26. Ne5 f6 27.
Bxd5 exd5 28. Nc6 Nc7 29. Nxa5 Ne6 30. Nc6 Kg6 31. a5 Nd4 32. Nxd4 1-0